[Event "2012 Pacific Club Championship"]
[Site "SchemingMind.com"]
[Date "2012.01.19"]
[Round "-"]
[White "César Jesús Reyes Maldonado"]
[Black "John Galvin"]
[Result "1-0"]
[WhiteCountry "VEN"]
[BlackCountry "USA"]
[WhiteElo "2530"]
[WhiteRD "56"]
[BlackElo "2311"]
[BlackRD "57"]
[GameID "301670"]

1. e4 c5 2. Nf3 d6 3. d4 cxd4 4. Nxd4 Nf6 5. Nc3 a6 6. Be2 e5 7. Nb3 Be7 8. Be3 O-O 9. O-O Be6 10. Nd5 Nbd7
11. Qd3 Bxd5 12. exd5 b5 13. a4 b4 14. a5 Qc7 15. c4 bxc3 16. bxc3 Rfb8 17. Rfb1 Rb7 18. Ra4 Rb5 19. Rb4 e4 20. Qc4 Qxc4
21. Bxc4 Rxb4 22. cxb4 Ng4 23. Bd4 Nge5 24. Bxe5 Nxe5 25. Bxa6 Bd8 26. Bb7 Ra7 27. a6 Bb6 28. Kf1
1-0

[Event "2012 Pacific Club Championship"]
[Site "SchemingMind.com"]
[Date "2012.01.19"]
[Round "-"]
[White "John Galvin"]
[Black "César Jesús Reyes Maldonado"]
[Result "0-1"]
[WhiteCountry "USA"]
[BlackCountry "VEN"]
[WhiteElo "2310"]
[WhiteRD "56"]
[BlackElo "2536"]
[BlackRD "57"]
[GameID "301677"]

1. e4 c5 2. c3 d5 3. exd5 Qxd5 4. d4 Nf6 5. Nf3 e6 6. Na3 Nc6 7. Nb5 Qd8 8. dxc5 Bxc5 9. Qxd8+ Kxd8 10. Bf4 Ne4
11. Be3 Bxe3 12. fxe3 a6 13. Nbd4 Bd7 14. Bd3 Nd6 15. O-O f6 16. Rfd1 Ke7 17. Nb3 g6 18. Nc5 Rac8 19. Rac1 Rhd8 20. Be2 Be8
21. b3 Nb8 22. Nd3 b5 23. Nd2 a5 24. Kf2 Nd7 25. c4 bxc4 26. bxc4 Nb7 27. Kg1 a4 28. Ne4 f5 29. Ng5 Nf6 30. h3 Na5
31. c5 Bb5 32. Ne5 Bxe2 33. Rd6 Ne4 34. Rxe6+ Kf8 35. Nxh7+ Kg7 36. Ng5 Nxg5 37. Rxg6+ Kh7 38. Rxg5 Nc4 39. Rxf5 Rxc5 40. Rf7+ Kh6
41. Nf3 Rd1+ 42. Rxd1 Bxd1 43. Re7 Bxf3 44. gxf3 Nb2 45. Kg2 Rc2+ 46. Kg3 Nd1
0-1

[Event "2012 Pacific Club Championship"]
[Site "SchemingMind.com"]
[Date "2012.01.21"]
[Round "-"]
[White "Vermonty"]
[Black "Diadoco"]
[Result "1/2-1/2"]
[WhiteCountry "USA"]
[BlackCountry "MEX"]
[WhiteElo "1974"]
[WhiteRD "63"]
[BlackElo "2051"]
[BlackRD "116"]
[GameID "301869"]

1. e4 c5 2. Nf3 d6 3. d4 cxd4 4. Nxd4 Nf6 5. Nc3 a6 6. Qf3 Qb6 7. Nb3 Nc6 8. h3 g6 9. Be3 Qc7 10. g4 Bg7
11. O-O-O Be6 12. Kb1 Ne5 13. Qe2 Bc4 14. Qd2 Nf3 15. Qc1 Bxf1 16. Rhxf1 Qc6 17. Nd4 Nxd4 18. Bxd4 O-O 19. Nd5 Nxd5 20. exd5 Qc7
21. Bxg7 Kxg7 22. Rd3 b5 23. f4 e6 24. Qd2 Rad8 25. h4 Rd7 26. Re1 Re8 27. Rde3 Rde7 28. dxe6 Rxe6 29. Qd4+ Kg8 30. c3 Rxe3
31. Rxe3 Rxe3 32. Qxe3 Qc6 33. Qg3=
1/2-1/2

[Event "2012 Pacific Club Championship"]
[Site "SchemingMind.com"]
[Date "2012.01.21"]
[Round "-"]
[White "Diadoco"]
[Black "Vermonty"]
[Result "1-0"]
[WhiteCountry "MEX"]
[BlackCountry "USA"]
[WhiteElo "2059"]
[WhiteRD "117"]
[BlackElo "1978"]
[BlackRD "62"]
[GameID "301873"]

1. e4 e5 2. Bc4 Nc6 3. Nf3 Nf6 4. d3 Bc5 5. c3 Qe7 6. Nbd2 d6 7. Bb3 Bd7 8. Nf1 Bb6 9. h3 h6 10. Ng3 O-O-O
11. Be3 Kb8 12. Qe2 Na5 13. Bxb6 axb6 14. Bc2 c5 15. O-O Nc6 16. Rad1 g5 17. d4 g4 18. hxg4 Nxg4 19. d5 Na7 20. a4 h5
21. b4 Rdg8 22. bxc5 bxc5 23. Rb1 Ka8 24. Rb2 h4 25. Nf5 Bxf5 26. exf5 Nf6 27. Rfb1 Rb8 28. Be4 Nh5 29. Ne1 Nf4 30. Qf3 f6
31. Nd3 Nxd3 32. Qxd3 Qc7 33. c4 Rh7 34. Qd2 Qd8 35. Rb6 Qf8 36. a5 Nc8 37. Qb2 Qe7 38. Ra6+
1-0

[Event "2012 Pacific Club Championship"]
[Site "SchemingMind.com"]
[Date "2012.01.27"]
[Round "-"]
[White "Jockosaurus"]
[Black "e_castle3"]
[Result "0-1"]
[WhiteCountry "AUS"]
[BlackCountry "PHI"]
[WhiteElo "1955"]
[WhiteRD "139"]
[BlackElo "1883"]
[BlackRD "64"]
[GameID "302125"]

1. c4 e5 2. Nc3 Nf6 3. g3 Bb4 4. Bg2 c6 5. d3 O-O 6. Nf3 Re8 7. O-O d5 8. Qb3 Bxc3 9. Qxc3 d4 10. Qb3 Qc7
11. Bg5 Nbd7 12. Rfe1 h6 13. Bd2 Rb8 14. e3 c5 15. Qa3 b6 16. exd4 cxd4 17. Rac1 Bb7 18. Re2 Bc6 19. Nxd4 Bxg2 20. Kxg2 exd4
21. Rce1 Qc6+ 22. Kg1 Rxe2 23. Rxe2 Qf3 24. Re1 Ng4 25. Rf1 Nc5 26. Qxa7 Rb7 27. Qa8+ Kh7 28. h3 Qxd3 29. Bb4 Ne3 30. Bxc5 Qxf1+
0-1

[Event "2012 Pacific Club Championship"]
[Site "SchemingMind.com"]
[Date "2012.01.27"]
[Round "-"]
[White "e_castle3"]
[Black "Jockosaurus"]
[Result "1-0"]
[WhiteCountry "PHI"]
[BlackCountry "AUS"]
[WhiteElo "1860"]
[WhiteRD "67"]
[BlackElo "1898"]
[BlackRD "134"]
[GameID "302128"]

1. f4 f5 2. Nf3 Nf6 3. e3 e6 4. d4 Bb4+ 5. c3 Ba5 6. Bd3 Nc6 7. a4 a6 8. O-O d6 9. Nbd2 Bb6 10. h3 Bd7
11. b4 Nd5 12. Nb1 O-O 13. Bd2 Qe8 14. Qb3 Nce7 15. c4 Nf6 16. Nc3 Kh8 17. c5 Ba7 18. Kh1 Ng6 19. Rg1 dxc5 20. bxc5 Rb8
21. a5 Bc6 22. Ne5 Nxe5 23. fxe5 Qh5 24. Kh2 Ng4+ 25. Kg3 Nxe5 26. dxe5 Rbd8 27. Ne2 Bd5 28. Qc2 g5 29. Kh2 Be4 30. Bxe4 Qxe2
31. Bc1 Qxc2 32. Bxc2 Bxc5 33. Bb3 Rfe8 34. Re1 Bb4 35. Re2 Bc3 36. Bb2 Bxb2 37. Rxb2 Rd3 38. Ba4 Red8 39. Rxb7 Rxe3 40. Rxc7 Rxe5
41. Rd7 Rxd7 42. Bxd7 h5 43. Bc8 g4 44. Bxa6 f4 45. hxg4 hxg4 46. Bb7 Kg7 47. a6 Re2 48. Kg1
1-0

[Event "2012 Pacific Club Championship"]
[Site "SchemingMind.com"]
[Date "2012.01.30"]
[Round "-"]
[White "Phil Cook"]
[Black "VladimirII"]
[Result "0-1"]
[WhiteCountry "NZL"]
[BlackCountry "RUS"]
[WhiteElo "2041"]
[WhiteRD "86"]
[BlackElo "2269"]
[BlackRD "115"]
[GameID "302312"]

1. e4 d6 2. d4 Nf6 3. Nc3 e5 4. Nf3 Nbd7 5. Bc4 Be7 6. Ng5 O-O 7. Bxf7+ Rxf7 8. Ne6 Qe8 9. Nxc7 Qd8 10. Nxa8 b5
11. O-O Bb7 12. Nxb5 Bxa8 13. dxe5 Nxe5 14. f3 Qb6+ 15. Nd4 d5 16. exd5 Nxd5 17. c3 Nc6 18. Kh1 Nxd4 19. Qxd4 Qxd4 20. cxd4 Bf6
21. Rd1 h5 22. b3 g5 23. Bb2 Bb7 24. Rd2 g4
0-1

[Event "2012 Pacific Club Championship"]
[Site "SchemingMind.com"]
[Date "2012.01.30"]
[Round "-"]
[White "VladimirII"]
[Black "Phil Cook"]
[Result "1-0"]
[WhiteCountry "RUS"]
[BlackCountry "NZL"]
[WhiteElo "2269"]
[WhiteRD "115"]
[BlackElo "2041"]
[BlackRD "86"]
[GameID "302315"]

1. e4 c5 2. c3 d5 3. exd5 Qxd5 4. d4 Nf6 5. Nf3 e6 6. Be2 Be7 7. c4 Qd7 8. Nc3 cxd4 9. Qxd4 Nc6 10. Qf4 O-O
11. O-O Bd6 12. Qh4 Ne7 13. Rd1 Ng6 14. Qd4 Bb4 15. Be3 Qxd4 16. Bxd4 b6 17. a3 Be7 18. a4 Nf4 19. Bf1 Bb7 20. Ne5 Ng6
21. Nxg6 hxg6 22. a5 bxa5 23. Rxa5 a6 24. Bb6
1-0

[Event "2012 Pacific Club Championship"]
[Site "SchemingMind.com"]
[Date "2012.02.07"]
[Round "-"]
[White "Archon"]
[Black "marooned"]
[Result "0-1"]
[WhiteCountry "CAN"]
[BlackCountry "CHI"]
[WhiteElo "1703"]
[WhiteRD "53"]
[BlackElo "1997"]
[BlackRD "71"]
[GameID "302989"]

1. Nf3 Nf6 2. c4 e6 3. g3 d5 4. Bg2 c5 5. cxd5 exd5 6. O-O Nc6 7. d3 Bd6 8. Nc3 O-O 9. Bg5 h6 10. Bxf6 Qxf6
11. Nxd5 Qxb2 12. Ne3 Be6 13. Rb1 Qxa2 14. Rxb7 Rab8 15. Rb1 Rxb1 16. Qxb1 Qxe2 17. Re1 Qa2 18. Qxa2 Bxa2 19. Nc4 Bxc4 20. dxc4 Nd4
21. Rd1 Nxf3+ 22. Bxf3 Rd8 23. Ra1 Rd7 24. Bd5 Kf8 25. Ra6 Ke7 26. Kf1 f5 27. f4 g5 28. fxg5 hxg5 29. Kf2 Kf6 30. Kf3 g4+
31. Kg2 Ke5 32. Ra5 f4 33. gxf4+ Kxf4 34. Kf2 Be7 35. Kg2 Bd6 36. Kf2 Rh7 37. Kg2 Ke3 38. Be6 Rxh2+ 39. Kg1 g3 40. Rxa7 Be5
41. Ra3+ Kf4 42. Bd5 Bd4+ 43. Kf1 Rf2+ 44. Ke1 g2 45. Bxg2 Rxg2 46. Ra8 Ke3 47. Ra3+ Ke4 48. Ra8 Kd3 49. Ra3+ Kxc4 50. Ra4+ Kd5
51. Ra8 c4 52. Rd8+ Kc5 53. Rc8+ Kb4 54. Rb8+ Kc3 55. Rf8 Kd3 56. Rf7 Rg1+ 57. Rf1 Rxf1+
0-1

[Event "2012 Pacific Club Championship"]
[Site "SchemingMind.com"]
[Date "2012.02.09"]
[Round "-"]
[White "BehemothTheCat"]
[Black "flammablepawn"]
[Result "1/2-1/2"]
[WhiteCountry "USA"]
[BlackCountry "USA"]
[WhiteElo "2110"]
[WhiteRD "118"]
[BlackElo "1929"]
[BlackRD "75"]
[GameID "302993"]

1. d4 e6 2. e4 d5 3. Nc3 Nf6 4. Bg5 dxe4 5. Nxe4 Be7 6. Bxf6 Bxf6 7. Nf3 Nd7 8. Bc4 Be7 9. Qe2 O-O 10. O-O-O Nf6
11. Ne5 Bd7 12. h4 Nxe4 13. Qxe4 Rb8 14. Kb1 Bd6 15. f4 Bxe5 16. Qxe5 Bc6 17. Rh3 Qd6 18. Qg5 Qd8 19. Qe5 Qd6 20. Qg5 Qd8
21. Qe5=
1/2-1/2

[Event "2012 Pacific Club Championship"]
[Site "SchemingMind.com"]
[Date "2012.02.08"]
[Round "-"]
[White "marooned"]
[Black "Archon"]
[Result "1-0"]
[WhiteCountry "CHI"]
[BlackCountry "CAN"]
[WhiteElo "1960"]
[WhiteRD "84"]
[BlackElo "1715"]
[BlackRD "55"]
[GameID "302996"]

1. d4 d6 2. e4 Nf6 3. f3 Nbd7 4. Bc4 e5 5. Ne2 exd4 6. Nxd4 g6 7. Be3 Bg7 8. Nc3 O-O 9. O-O a6 10. Qd2 Ne5
11. Be2 b5 12. h3 Bb7 13. Nb3 c5 14. Rad1 b4 15. Nb1 a5 16. Qxd6 Qxd6 17. Rxd6 c4 18. Nc5 Bc8 19. c3 Ned7 20. Bxc4 Nxc5
21. Bxc5 Nd7 22. Bf2 Ne5 23. Be2 Be6 24. f4 Nd7 25. Rfd1 Nf6 26. e5 Ne4 27. R6d4 Nxf2 28. Kxf2 bxc3 29. Nxc3 f6 30. Rd6 Bf5
31. Bc4+ Kh8 32. e6 Rae8 33. Kf3 Bxe6 34. Rxe6 Rc8 35. b3 f5 36. Nb5 a4 37. Rd7 axb3 38. axb3 Ra8 39. Ree7
1-0

[Event "2012 Pacific Club Championship"]
[Site "SchemingMind.com"]
[Date "2012.02.09"]
[Round "-"]
[White "flammablepawn"]
[Black "BehemothTheCat"]
[Result "0-1"]
[WhiteCountry "USA"]
[BlackCountry "USA"]
[WhiteElo "1909"]
[WhiteRD "76"]
[BlackElo "2129"]
[BlackRD "118"]
[GameID "303000"]

1. b4 c6 2. Bb2 Qb6 3. a3 a5 4. c4 axb4 5. c5 Qc7 6. axb4 Rxa1 7. Bxa1 d6 8. d4 Nf6 9. Nf3 Bg4 10. e3 Nbd7
11. Be2 e5 12. dxe5 dxe5 13. O-O Nd5 14. Qd2 Be7 15. h3 Be6 16. e4 Nf4 17. Bd1 f6 18. Nc3 O-O 19. Kh2 b6 20. cxb6 Nxb6
21. b5 Bc4 22. Re1 cxb5 23. g3 Rd8 24. Qc2 Nd3 25. Rg1 b4
0-1

[Event "2012 Pacific Club Championship"]
[Site "SchemingMind.com"]
[Date "2012.03.06"]
[Round "-"]
[White "littleboo"]
[Black "Diadoco"]
[Result "1-0"]
[WhiteCountry "USA"]
[BlackCountry "MEX"]
[WhiteElo "2176"]
[WhiteRD "78"]
[BlackElo "2036"]
[BlackRD "106"]
[GameID "304879"]

1. e4 c5 2. Nc3 d6 3. Nf3 Nf6 4. d4 cxd4 5. Nxd4 a6 6. Be2 e5 7. Nf3 h6 8. Bc4 Be6 9. Qe2 Qc7 10. Bb3 Nbd7
11. O-O Be7 12. Nh4 Bxb3 13. axb3 g6 14. Nf3 Kf8 15. Rd1 Kg7 16. Ne1 Nb6 17. Be3 Rad8 18. Qf3 Rd7 19. Nd3 h5 20. Nb4 Nc8
21. Rac1 Nb6 22. Rd3 Rhd8 23. Rcd1 a5 24. Nb5 Qc8 25. Bxb6 axb4 26. Bxd8 Rxd8 27. c4 bxc3 28. Nxc3 Qc6 29. b4 Rd7 30. b3 Bd8
31. b5 Qc5 32. Nd5 Qxb5 33. Nxf6 Bxf6 34. Rxd6 Rxd6 35. Rxd6 Be7 36. Rd5 Qc6 37. g3 Qc7 38. Qd3 b6 39. Kg2 h4 40. Qc4 Qb8
41. gxh4 Bxh4 42. Rd7 Qe8 43. Qd5 Bf6 44. Rb7 Bg5 45. b4 Bf4 46. b5 Kg8 47. Rxb6
1-0

[Event "2012 Pacific Club Championship"]
[Site "SchemingMind.com"]
[Date "2012.03.06"]
[Round "-"]
[White "Diadoco"]
[Black "littleboo"]
[Result "1/2-1/2"]
[WhiteCountry "MEX"]
[BlackCountry "USA"]
[WhiteElo "2036"]
[WhiteRD "106"]
[BlackElo "2176"]
[BlackRD "78"]
[GameID "304882"]

1. e4 c5 2. Nf3 Nc6 3. d4 cxd4 4. Nxd4 d5 5. exd5 Qxd5 6. Be3 Nf6 7. Nc3 Qa5 8. Qf3 Bg4 9. Nxc6 Qxc3+ 10. bxc3 Bxf3
11. Nd4 Be4 12. Bb5+ Kd8 13. O-O-O Kc8 14. f3 Bg6 15. f4 e6 16. Kb2 Nd5 17. Bd2 Bc5 18. Bd3 Bxd3 19. cxd3 Bxd4 20. cxd4 h5
21. g3 Kd7 22. Rc1 Rac8 23. h3 Kd6 24. a4 Rhe8 25. a5 b6 26. axb6 Rb8 27. Rc4 Rxb6+ 28. Kc2 Reb8 29. Ra1 a6 30. Ra2 g6
31. Rca4 Ra8 32. Ra1 Rc6+ 33. Rc4 h4 34. g4 Rb6 35. Rca4 Rc8+ 36. Rc4 Rcb8 37. Ra2 Kd7 38. Rca4 Rc6+ 39. Rc4 Rbc8 40. Kb3 Rb6+
41. Kc2 Ra8 42. Rca4 Ra7 43. Rc4 Rab7 44. Ra1 Rb8 45. Rca4 Rc6+ 46. Rc4 Rd6 47. Ra2 Rbb6 48. Raa4 f5 49. g5 Rb7 50. Ra1 Rdb6
51. Kc1 Rb8 52. Kc2 Ke7 53. Kc1 R8b7 54. Kc2 Rd7 55. Rca4 Rdd6 56. Rc4 Kf7 57. Ra2 Ke8 58. Ra1=
1/2-1/2

[Event "2012 Pacific Club Championship"]
[Site "SchemingMind.com"]
[Date "2012.05.12"]
[Round "-"]
[White "BehemothTheCat"]
[Black "VladimirII"]
[Result "0-1"]
[WhiteCountry "USA"]
[BlackCountry "RUS"]
[WhiteElo "2086"]
[WhiteRD "104"]
[BlackElo "2318"]
[BlackRD "112"]
[GameID "310249"]

1. d4 Nf6 2. c4 g6 3. Nc3 Bg7 4. e4 d6 5. f3 O-O 6. Be3 Nc6 7. Nge2 a6 8. Qd2 Re8 9. Nc1 Nd7 10. Nb3 a5
11. Rd1 a4 12. Na1 e5 13. d5 Nd4 14. Nc2 f5 15. Bd3 Nc5 16. O-O Qh4 17. Bg5 Qh5 18. Nxd4 exd4 19. Ne2 h6 20. Bf4 g5
21. Bg3 fxe4 22. fxe4 Qg6 23. Bb1 d3 24. Nc3 Bg4 25. Rde1 Bxc3 26. Qxc3 Be2 27. e5 Bxf1 28. Rxf1 dxe5 29. Bxe5 Rf8 30. Re1 Rae8
31. Qd4 Qf5 32. g4 Qf3 33. Qxc5 d2
0-1

[Event "2012 Pacific Club Championship"]
[Site "SchemingMind.com"]
[Date "2012.05.13"]
[Round "-"]
[White "VladimirII"]
[Black "BehemothTheCat"]
[Result "1-0"]
[WhiteCountry "RUS"]
[BlackCountry "USA"]
[WhiteElo "2287"]
[WhiteRD "115"]
[BlackElo "2072"]
[BlackRD "106"]
[GameID "310257"]

1. e4 c5 2. c3 Nf6 3. e5 Nd5 4. Nf3 Nc6 5. Bc4 Nb6 6. Bb3 c4 7. Bc2 Qc7 8. Qe2 g5 9. h3 Bg7 10. O-O Nxe5
11. Nxg5 h6 12. Nf3 d6 13. b3 Nxf3+ 14. Qxf3 Be6 15. bxc4 Bxc4 16. Re1 Be6 17. Na3 Qc6 18. Be4 d5 19. Bd3 a6 20. Rb1 Nd7
21. Qg3 Bf6 22. Nc2 Nc5 23. Nd4 Bxd4 24. cxd4 Nxd3 25. Qxd3 Rg8 26. Ba3 Qd7 27. Rb6 Rg6 28. f4 Bf5 29. Qb3 Be4 30. Rxg6 fxg6
31. d3
1-0

[Event "2012 Pacific Club Championship"]
[Site "SchemingMind.com"]
[Date "2012.05.21"]
[Round "-"]
[White "Tanis"]
[Black "marooned"]
[Result "1-0"]
[WhiteCountry "CHN"]
[BlackCountry "CHI"]
[WhiteElo "2204"]
[WhiteRD "108"]
[BlackElo "1974"]
[BlackRD "73"]
[GameID "310802"]

1. e4 d6 2. d4 g6 3. Nc3 Bg7 4. f4 Nf6 5. Nf3 Nbd7 6. e5 Ng4 7. Ng5 Nh6 8. Bc4 Nb6 9. Bb3 e6 10. O-O a5
11. a3 O-O 12. Nce4 a4 13. Ba2 Nf5 14. g4 Ne7 15. c3 d5 16. Nc5 Qe8 17. Re1 h6 18. Nf3 Qc6 19. Nd3 Nc4 20. Be3 Nxe3
21. Rxe3 b6 22. Qd2 Ba6 23. Nb4 Qb5 24. Nxa6 Qxa6 25. Rae1 c5 26. Qf2 Qc8 27. Qe2 Qa6 28. Rd3 Qb5 29. dxc5 bxc5 30. c4 dxc4
31. Rd2 Qb6 32. Qxc4 Rfd8 33. Red1 Rxd2 34. Rxd2 Nd5 35. f5 Rd8 36. Qxa4 c4+ 37. Kh1 Rc8 38. fxe6 fxe6 39. Bxc4 Qe3 40. Bxd5 exd5
41. Qd1 Bxe5 42. Nxe5 Qxe5 43. Re2 Qg5 44. Re1
1-0

[Event "2012 Pacific Club Championship"]
[Site "SchemingMind.com"]
[Date "2012.05.22"]
[Round "-"]
[White "marooned"]
[Black "Tanis"]
[Result "0-1"]
[WhiteCountry "CHI"]
[BlackCountry "CHN"]
[WhiteElo "1974"]
[WhiteRD "73"]
[BlackElo "2204"]
[BlackRD "108"]
[GameID "310804"]

1. d4 Nf6 2. c4 e6 3. Nc3 Bb4 4. Qc2 O-O 5. a3 Bxc3+ 6. Qxc3 b6 7. Bg5 Bb7 8. e3 d6 9. f3 Nbd7 10. Nh3 c5
11. dxc5 bxc5 12. Be2 Rb8 13. O-O h6 14. Bxf6 Qxf6 15. Qxf6 Nxf6 16. b4 Rfc8 17. Kf2 Kf8 18. e4 Ke7 19. Nf4 g5 20. Nd3 cxb4
21. Nxb4 Nd7 22. Rfb1 Ne5 23. Rb2 a5 24. Nc2 Ba6 25. Rxb8 Rxb8 26. c5 Bxe2 27. Kxe2 dxc5 28. Kd2 Rb3 29. Rc1 Nc4+
0-1

[Event "2012 Pacific Club Championship"]
[Site "SchemingMind.com"]
[Date "2012.06.30"]
[Round "-"]
[White "e_castle3"]
[Black "César Jesús Reyes Maldonado"]
[Result "0-1"]
[WhiteCountry "PHI"]
[BlackCountry "VEN"]
[WhiteElo "1838"]
[WhiteRD "62"]
[BlackElo "2585"]
[BlackRD "78"]
[GameID "313053"]

1. e4 c5 2. Nf3 d6 3. g3 Nf6 4. d3 Nc6 5. Bg2 g6 6. O-O Bg7 7. c3 O-O 8. Na3 Rb8 9. Nc2 b5 10. Re1 b4
11. cxb4 Nxb4 12. Nxb4 Rxb4 13. a3 Rb8 14. Rb1 Bg4 15. h3 Bxf3 16. Qxf3 Nd7 17. Qe2 Rb3 18. Qc2 Qb6 19. Kh1 Rb8 20. Re2 Ne5
21. Bg5 e6 22. Rd2 Nc6 23. Bf4 Bc3 24. Rdd1 Nd4 25. Qxc3 Rxc3 26. bxc3 Qxb1 27. Rxb1 Rxb1+ 28. Kh2 e5 29. cxd4 exf4 30. dxc5 fxg3+
31. Kxg3 dxc5 32. Kf4 Rb3 33. Bf1 Rxa3 34. Ke5 a5 35. Kd5 Rc3 36. d4 a4 37. dxc5 a3
0-1

[Event "2012 Pacific Club Championship"]
[Site "SchemingMind.com"]
[Date "2012.06.30"]
[Round "-"]
[White "César Jesús Reyes Maldonado"]
[Black "e_castle3"]
[Result "1-0"]
[WhiteCountry "VEN"]
[BlackCountry "PHI"]
[WhiteElo "2585"]
[WhiteRD "78"]
[BlackElo "1838"]
[BlackRD "62"]
[GameID "313057"]

1. e4 Nc6 2. Nf3 d6 3. d4 Bg4 4. Bb5 a6 5. Bxc6+ bxc6 6. h3 Bh5 7. c4 e6 8. O-O f6 9. Nc3 Ne7 10. Re1 Qd7
11. Bd2 g5 12. d5 e5 13. Nxe5 Bxd1 14. Nxd7 Kxd7 15. dxc6+ Nxc6 16. Rexd1 Rb8 17. b3 Ke6 18. Nd5 Rc8 19. Bc3 Be7 20. Rd2 h5
21. f4 gxf4 22. Nxf4+ Kf7 23. Rf1 Rcg8 24. Nd5 Ne5 25. Nxc7 Rg3 26. Bxe5 dxe5 27. Rd7 Rd8 28. Rfd1 Rdg8 29. R1d2 Kf8 30. Kh2 Bb4
31. Rd8+ Kf7 32. R2d7+ Be7 33. Rxg8 Rxg8 34. Nd5 Re8 35. Ra7
1-0

[Event "2012 Pacific Club Championship"]
[Site "SchemingMind.com"]
[Date "2012.08.26"]
[Round "-"]
[White "César Jesús Reyes Maldonado"]
[Black "VladimirII"]
[Result "1/2-1/2"]
[WhiteCountry "VEN"]
[BlackCountry "RUS"]
[WhiteElo "2530"]
[WhiteRD "76"]
[BlackElo "2340"]
[BlackRD "117"]
[GameID "316615"]

1. e4 e5 2. Nf3 Nc6 3. Bb5 Nf6 4. O-O Nxe4 5. d4 Nd6 6. Bxc6 dxc6 7. dxe5 Nf5 8. Qxd8+ Kxd8 9. Nc3 Ke8 10. Rd1 Ne7
11. h3 Ng6 12. Ne2 Be7 13. Be3 h6 14. a4 Kf8 15. a5 a6 16. Nc1 Kg8 17. Nd3 Kh7 18. g4 Re8 19. Nd2 h5 20. gxh5 Nh4
21. Kh2 Bf5 22. Ra4 Rad8 23. Rf4 Bxd3 24. cxd3 Rxd3 25. Rg1 f5 26. Nf3 Nxf3+ 27. Rxf3 Bc5 28. Rfg3 Bxe3 29. Rxg7+=
1/2-1/2

[Event "2012 Pacific Club Championship"]
[Site "SchemingMind.com"]
[Date "2012.10.02"]
[Round "-"]
[White "littleboo"]
[Black "Tanis"]
[Result "1-0"]
[WhiteCountry "USA"]
[BlackCountry "CHN"]
[WhiteElo "2253"]
[WhiteRD "76"]
[BlackElo "2030"]
[BlackRD "101"]
[GameID "318476"]

1. e4 c5 2. Nc3 Nc6 3. Bc4 e6 4. Nf3 Nf6 5. Bb5 Be7 6. e5 Nd5 7. O-O O-O 8. Nxd5 exd5 9. d4 cxd4 10. Bf4 Qb6
11. Qd3 a6 12. Ba4 Qxb2 13. Bb3 Re8 14. Rfd1 Qc3 15. Qxc3 dxc3 16. Bxd5 h6 17. Rab1 Nb4 18. Bb3 Kf8 19. Kf1 a5 20. a3 Na6
21. a4 Nc5 22. Nd4 b6 23. f3 Ba6+ 24. Kf2 Nxb3 25. Nxb3 b5 26. Be3
1-0

[Event "2012 Pacific Club Championship"]
[Site "SchemingMind.com"]
[Date "2012.10.02"]
[Round "-"]
[White "Tanis"]
[Black "littleboo"]
[Result "0-1"]
[WhiteCountry "CHN"]
[BlackCountry "USA"]
[WhiteElo "2030"]
[WhiteRD "101"]
[BlackElo "2253"]
[BlackRD "76"]
[GameID "318482"]

1. d4 Nf6 2. c4 e6 3. Nf3 d5 4. g3 dxc4 5. Bg2 c5 6. O-O Nc6 7. Ne5 Bd7 8. Nd2 cxd4 9. Ndxc4 Nxe5 10. Nxe5 Qb6
11. Nc4 Qa6 12. Qxd4 Bc6 13. Bxc6+ Qxc6 14. Ne5 Qb5 15. Bf4 Rd8 16. Qc4 Qxc4 17. Nxc4 Nd5 18. Rfd1 Bb4 19. a3 Be7 20. Be5 b5
21. Na5 Rc8 22. Bxg7 Rg8 23. Bd4 f5 24. Rac1 Kd7 25. b4 Rxc1 26. Rxc1 Bd6
0-1

[Event "2012 Pacific Club Championship"]
[Site "SchemingMind.com"]
[Date "2012.12.11"]
[Round "-"]
[White "VladimirII"]
[Black "littleboo"]
[Result "1-0"]
[WhiteCountry "RUS"]
[BlackCountry "USA"]
[WhiteElo "2448"]
[WhiteRD "111"]
[BlackElo "2223"]
[BlackRD "74"]
[GameID "322724"]

1. e4 c5 2. c3 Nc6 3. d4 d5 4. dxc5 dxe4 5. Qxd8+ Nxd8 6. Bb5+ Bd7 7. Bxd7+ Kxd7 8. Nd2 Nf6 9. Ne2 Rc8 10. b4 Nc6
11. Ng3 Nd5 12. Ndxe4 e6 13. Ne2 f5 14. Ng5 Be7 15. O-O h6 16. Nf3 Bf6 17. Bd2 g5 18. Rad1 g4 19. Nfd4 Nxd4 20. Nxd4 Bxd4
21. cxd4 h5 22. Rfe1 b6 23. Rc1 h4 24. b5 h3 25. g3 a6 26. a4 Ra8 27. cxb6 Nxb6 28. a5 Nd5 29. b6 Rac8 30. Kf1 Rxc1
31. Rxc1 Rc8 32. Rxc8 Kxc8 33. Ke2 Nf6 34. Kd3 Ne4 35. Ke2 Nf6 36. Bf4 Kb7 37. Ke3 Nd5+ 38. Kd3 Nf6 39. Kc4 Kc6 40. d5+ exd5+
41. Kd4 Ne4 42. b7 Kxb7 43. Kxd5 Nxf2 44. Ke6 Kc6 45. Kxf5 Kd5 46. Be3 Nd3 47. Kxg4 Ke4 48. Bb6 Ne5+ 49. Kxh3 Kf5 50. Kg2 Kg5
51. h3 Kh5 52. Bc7
1-0

[Event "2012 Pacific Club Championship"]
[Site "SchemingMind.com"]
[Date "2012.12.08"]
[Round "-"]
[White "littleboo"]
[Black "VladimirII"]
[Result "0-1"]
[WhiteCountry "USA"]
[BlackCountry "RUS"]
[WhiteElo "2223"]
[WhiteRD "74"]
[BlackElo "2448"]
[BlackRD "111"]
[GameID "322732"]

1. c4 e5 2. g3 Nc6 3. Nc3 Nf6 4. Bg2 Bc5 5. Nf3 d6 6. O-O O-O 7. d3 h6 8. Na4 Bb6 9. Nd2 Bg4 10. h3 Be6
11. Nxb6 axb6 12. b3 Qd7 13. Kh2 d5 14. Bb2 Qd6 15. a4 Rfd8 16. Rc1 d4 17. Ra1 Bf5 18. f4 Re8 19. fxe5 Rxe5 20. Rf4 Rae8
21. e4 dxe3 22. Bxe5 Qxe5 23. Nf3 Qa5 24. Ne1 g5 25. Bxc6 bxc6 26. Rf3 e2 27. Qc1 Qe5 28. d4 Qe6 29. a5 Bxh3 30. Qc3 Ng4+
31. Kg1 Qg6 32. Qd3 Qh5 33. Qf5 Bf1 34. Rf2 Re3 35. Qc8+ Kg7 36. Qxc7 bxa5 37. Rxa5 Nxf2 38. Kxf2 Re6 39. Kg1 Qg4 40. Ra7 Qxd4+
41. Kh1 Rf6 42. Qe7 Qf2 43. Qe4 Qxa7 44. Qe5 Qf2
0-1